Selección de ensayos sobre alimentación y cocinas de Colombia / (Registro nro. 20224)

Detalles MARC
000 -CABECERA
Campo de control 01141nam a2200277 a 4500
005 - FECHA Y HORA DE LA ULTIMA TRANSACCION
Campo de control 20180605121521.0
008 - ELEMENTOS DE LONGITUD FIJA—INFORMACION GENERAL
Campo de control 140425s2012 ck a gr 00110dspa d
020 ## - ISBN
ISBN 9789587530742
020 ## - ISBN
ISBN 9789587530582 (obra completa)
040 ## - FUENTE DE CATALOGACIÓN
Agencia catalogadora original CO-BoBLA
Agencia transcriptora CO-BoBLA
Agencia Modificadora CO-BoIAVH
041 0# - IDIOMA
Código de idioma para texto/pista de sonido o título separado Español
044 ## - PAÍS DE PUBLICACIÓN
País de publicación Colombia
082 04 - NUMERO DE CLASIFICACION DECIMAL DEWEY
Número de clasificación 306.409861
Número del ítem P14h
245 00 - MENCION DE TITULO
Título Selección de ensayos sobre alimentación y cocinas de Colombia /
Mención de responsabilidad Compilación y prólogo Ramiro Delgado Salzar, Daniel Gómez Roldán, Germán Negrete-Andrade.
260 ## - PUBLICACION, DISTRIBUCION, ETC. (PIE DE IMPRENTA)
Lugar de publicación, distribución, etc. Bogotá (Colombia) :
Nombre del editor, distribuidor, etc. Ministerio de Cultura,
Fecha de publicación, distribución, etc. 2012.
300 ## - DESCRIPCION FISICA
Extensión 685 páginas ;
Dimensiones 21 x 17 cm.
490 0# - MENCION DE SERIE
Mención de serie Biblioteca básica de cocinas tradicionales de Colombia ;
Designación numérica/secuencial del volumen 15
504 ## - NOTA DE BIBLIOGRAFIA, ETC.
Nota de bibliografía Incluye referencias bibliográficas.
650 26 - ASIENTO SECUNDARIO DE MATERIA - TERMINO TEMATICO
Término temático o nombre geográfico como elemento de entrada Preparación de alimentos
Subdivisión general Historia.
Subdivisión geográfica Colombia
9 (RLIN) 91477
650 26 - ASIENTO SECUNDARIO DE MATERIA - TERMINO TEMATICO
Término temático o nombre geográfico como elemento de entrada Costumbres alimenticias
Subdivisión geográfica Colombia
9 (RLIN) 91478
650 26 - ASIENTO SECUNDARIO DE MATERIA - TERMINO TEMATICO
Término temático o nombre geográfico como elemento de entrada Alimentos
Subdivisión general Historia
Subdivisión geográfica Colombia
9 (RLIN) 91479
700 1# - ASIENTO SECUNDARIO - NOMBRE PERSONAL
Nombre personal Delgado Salazar, Ramiro
Término de relación compilador
9 (RLIN) 91480
700 1# - ASIENTO SECUNDARIO - NOMBRE PERSONAL
Nombre personal Gómez Roldán, Daniel
Término de relación compilador
9 (RLIN) 91481
700 1# - ASIENTO SECUNDARIO - NOMBRE PERSONAL
Nombre personal Negrete-Andrade, Germán
Término de relación compilador
9 (RLIN) 91482
942 ## - ELEMENTOS ADICIONALES (KOHA)
Sistema de clasificación Dewey Decimal Classification
Tipo de ítem Libro
Existencias
Withdrawn status Lost status Sistema de Clasificación Damaged status No para préstamo Colección Ubicación Permanente Ubicación actual Fecha de adquisición Total Checkouts Número topográfico Inventario / Código de Barras Date last seen Date checked out Ejemplar Price effective from Forma de adquisición Tipo de material
    Dewey Decimal Classification     General Bogotá Bogotá 05/06/2018 1 LB-306.409861 P14h 030131 06/03/2019 06/03/2019 V.15 Ej.1 05/06/2018 Donación Libro